Guía práctica para el cultivo de soja : actualización 1998.

Guardado en:
Autor Corporativo: Instituto Nacional de Tecnología Agropecuaria (Argentina)
Formato: Libro
Idioma:Spanish
Publicado: Buenos Aires : INTA, 1998.
Etiquetas: Agregar Etiqueta
Sin Etiquetas, Sea el primero en etiquetar este registro!
LEADER 00481nam a22001455a 4500
001 EEA.libagro006558
005 20180619113308.0
008 130809s1998####ag############000#0#spa#d
082 0 4 |a 633 
082 0 4 |a 633.34 
245 1 0 |a Guía práctica para el cultivo de soja :  |b actualización 1998. 
260 |a Buenos Aires :  |b INTA,  |c 1998. 
300 |a 58 p. ;  |c 26 cm. 
710 2 |a Instituto Nacional de Tecnología Agropecuaria (Argentina) 
859 |a AR-BbBCA  |b BIB. AGRONOMIA  |h 633  |i A691 1998  |p 2000/3924